Sources. (Record no. 34539)

MARC details
000 -LEADER
fixed length control field 01038cam a2200289 a 4500
001 - CONTROL NUMBER
control field 2544262
003 - CONTROL NUMBER IDENTIFIER
control field OSt
005 - DATE AND TIME OF LATEST TRANSACTION
control field 20220407090942.0
008 - FIXED-LENGTH DATA ELEMENTS--GENERAL INFORMATION
fixed length control field 941223s1995 ctua b 001 0 eng
010 ## - LIBRARY OF CONGRESS CONTROL NUMBER
LC control number 94048861
020 ## - INTERNATIONAL STANDARD BOOK NUMBER
International Standard Book Number 1561343323 (recycled paper)
040 ## - CATALOGING SOURCE
Original cataloging agency DLC
Transcribing agency HU
Modifying agency DLC
043 ## - GEOGRAPHIC AREA CODE
Geographic area code n-us---
050 00 - LIBRARY OF CONGRESS CALL NUMBER
Classification number LA209
Item number .S59 1995
082 00 - DEWEY DECIMAL CLASSIFICATION NUMBER
Classification number 370/.973
Edition number 20
245 00 - TITLE STATEMENT
Title Sources.
Name of part/section of a work Notable selections in education /
Statement of responsibility, etc. edited by Fred Schultz.
250 ## - EDITION STATEMENT
Edition statement 1st ed.
260 ## - PUBLICATION, DISTRIBUTION, ETC.
Place of publication, distribution, etc. Guilford, Conn. :
Name of publisher, distributor, etc. Dushkin Pub. Group,
Date of publication, distribution, etc. c1995.
300 ## - PHYSICAL DESCRIPTION
Extent xiii, 398 p. :
Other physical details ill. ;
Dimensions 24 cm.
504 ## - BIBLIOGRAPHY, ETC. NOTE
Bibliography, etc. note Includes bibliographical references and index.
650 #0 - SUBJECT ADDED ENTRY--TOPICAL TERM
Topical term or geographic name entry element Education
Geographic subdivision United States
General subdivision Philosophy
-- History.
9 (RLIN) 22778
650 #0 - SUBJECT ADDED ENTRY--TOPICAL TERM
Topical term or geographic name entry element Education
General subdivision Aims and objectives
Geographic subdivision United States
General subdivision History.
9 (RLIN) 22779
700 1# - ADDED ENTRY--PERSONAL NAME
Personal name Schultz, Frederick Marshall.
9 (RLIN) 22780
906 ## - LOCAL DATA ELEMENT F, LDF (RLIN)
a 7
b cbc
c orignew
d 1
e ocip
f 19
g y-gencatlg
942 ## - ADDED ENTRY ELEMENTS (KOHA)
Source of classification or shelving scheme Dewey Decimal Classification
Koha item type Books like text book referance book
Suppress in OPAC No
Holdings
Withdrawn status Lost status Source of classification or shelving scheme Damaged status Not for loan Collection code Home library Current library Shelving location Date acquired Total Checkouts Full call number Barcode Date last seen Copy number Price effective from Koha item type
    Dewey Decimal Classification     Reference Wondo Genet Library Wondo Genet Library General Stacks 04/07/2022   370.973 SCH 1995 WGCFNRL00018811 04/07/2022 1 04/07/2022 Books like text book referance book